[Event "Wch-Rapid"]
[Site "Berlin GER"]
[Date "2015.10.12"]
[Round "12"]
[White "Papin, Vasily"]
[Black "Hansen, Eric"]
[Result "0-1"]
[WhiteElo "2502"]
[BlackElo "2573"]
[PlyCount "114"]
[GameId "2130307652476733"]
[EventDate "2015.10.10"]
[EventType "swiss (rapid)"]
[EventRounds "15"]
[EventCountry "GER"]
[SourceTitle "Mega2015 Update 47"]
[Source "Chessbase"]
[SourceDate "2015.10.16"]
[SourceVersion "1"]
[SourceVersionDate "2015.10.16"]
[SourceQuality "1"]

1. c4 Nf6 2. Nc3 c5 3. g3 Nc6 4. Bg2 g6 5. Nf3 Bg7 6. d4 cxd4 7. Nxd4 O-O 8. O-O Qa5 9. Nc2 d6 10. Bd2 Qh5 11. e4 Bg4 12. f3 Be6 13. Nd5 Nd7 14. Rb1 Bxd5 15. exd5 Nce5 16. g4 Qh4 17. Be1 Qf6 18. f4 Nxc4 19. Bc3 Qh4 20. Bxg7 Kxg7 21. Qd4+ Nce5 22. fxe5 Nxe5 23. h3 Rfc8 24. Qf2 Qxf2+ 25. Rxf2 Rc5 26. Re2 Rac8 27. Nd4 R8c7 28. Rbe1 Kf8 29. a3 a6 30. Rd1 Rc4 31. Nf3 Nd7 32. Ng5 h6 33. Ne4 Ne5 34. Rdd2 Kg7 35. Nf2 Kf8 36. Nd3 Nd7 37. Re4 Rc2 38. Ree2 R2c4 39. Re4 Rc2 40. Rxc2 Rxc2 41. Rb4 b5 42. a4 Nc5 43. Bf1 Nxa4 44. Rb3 Rd2 45. Nb4 Nc5 46. Ra3 Rxb2 47. Nxa6 b4 48. Ra5 Nb3 49. Rb5 Nd4 50. Rb8+ Kg7 51. Bg2 b3 52. Nb4 Ne2+ 53. Kf1 Ng3+ 54. Kg1 Rd2 55. Nc6 b2 56. Na5 Ne2+ 57. Kf1 Nc3 0-1

[Event "Wch-Rapid"]
[Site "Berlin GER"]
[Date "2015.10.12"]
[Round "13"]
[White "Hansen, Eric"]
[Black "Shchekachev, Andrei"]
[Result "1-0"]
[WhiteElo "2573"]
[BlackElo "2531"]
[PlyCount "79"]
[GameId "2130307652476777"]
[EventDate "2015.10.10"]
[EventType "swiss (rapid)"]
[EventRounds "15"]
[EventCountry "GER"]
[SourceTitle "Mega2015 Update 47"]
[Source "Chessbase"]
[SourceDate "2015.10.16"]
[SourceVersion "1"]
[SourceVersionDate "2015.10.16"]
[SourceQuality "1"]

1. e4 c5 2. Nf3 e6 3. d4 cxd4 4. Nxd4 a6 5. Bd3 Bc5 6. Nb3 Be7 7. O-O d6 8. Qg4 g6 9. Qe2 Nd7 10. a4 Ne5 11. Nc3 Bd7 12. a5 Nf6 13. Bh6 Nfg4 14. Bd2 O-O 15. f4 Nxd3 16. cxd3 Nf6 17. Be3 Bc6 18. Nd4 Rc8 19. Kh1 Re8 20. g4 Bf8 21. f5 Bg7 22. fxe6 fxe6 23. Nxc6 Rxc6 24. d4 Qc8 25. h3 Rf8 26. Qg2 Rc4 27. Rf2 Nd7 28. Rd2 Rb4 29. Rad1 Qc7 30. Ra1 b5 31. e5 d5 32. Rc2 Qb7 33. Ne2 Rc4 34. Nf4 Qc6 35. Rf2 Bh6 36. Raf1 Bxf4 37. Bxf4 Kg7 38. Bg5 Rc2 39. Rxc2 Rxf1+ 40. Kh2 1-0

[Event "Wch-Rapid"]
[Site "Berlin GER"]
[Date "2015.10.12"]
[Round "15"]
[White "Hansen, Eric"]
[Black "Dreev, Alexey"]
[Result "1/2-1/2"]
[WhiteElo "2573"]
[BlackElo "2644"]
[PlyCount "108"]
[GameId "2130307652489205"]
[EventDate "2015.10.10"]
[EventType "swiss (rapid)"]
[EventRounds "15"]
[EventCountry "GER"]
[SourceTitle "Mega2015 Update 47"]
[Source "Chessbase"]
[SourceDate "2015.10.16"]
[SourceVersion "1"]
[SourceVersionDate "2015.10.16"]
[SourceQuality "1"]

1. Nf3 d5 2. g3 c6 3. Bg2 Bg4 4. O-O Nd7 5. h3 Bh5 6. d3 e5 7. e4 dxe4 8. dxe4 Ngf6 9. Qe1 Bc5 10. Nbd2 O-O 11. a4 Qe7 12. Nh4 Rfd8 13. Nf5 Qe8 14. Nb3 Bf8 15. Qc3 Bg6 16. Re1 Rac8 17. Nh4 Bh5 18. Nf5 b6 19. a5 b5 20. a6 c5 21. Na5 Nb8 22. Bg5 Qe6 23. f4 Re8 24. fxe5 Nfd7 25. Nd6 Bxd6 26. exd6 Qxd6 27. Nb7 Qb6 28. Bf4 b4 29. Qd2 Ne5 30. Qd6 Nbc6 31. Be3 Re6 32. Qxc5 Qc7 33. g4 Bg6 34. Rad1 h5 35. g5 Qb8 36. Nd6 Rd8 37. Nf5 b3 38. Kh1 Rde8 39. Bf4 bxc2 40. Qxc2 Qb6 41. Qe2 Rb8 42. Rd2 Qb3 43. Rc1 Rbe8 44. Rc3 Qa4 45. Ra3 Qb4 46. Rc3 Qa4 47. Ra3 Qc4 48. Qf2 Qb4 49. Rc3 Kh7 50. Kh2 Qa4 51. Ra3 Qb4 52. Rc3 Qa4 53. Ra3 Qb4 54. Rc3 Qa4 1/2-1/2

[Event "American Continental"]
[Site "Montevideo URU"]
[Date "2015.05.15"]
[Round "1"]
[White "Kimelman, Gabriel"]
[Black "Hansen, Eric"]
[Result "0-1"]
[WhiteElo "2067"]
[BlackElo "2580"]
[PlyCount "70"]
[GameId "2130307659046541"]
[EventDate "2015.05.15"]
[EventType "swiss"]
[EventRounds "11"]
[EventCountry "URU"]
[SourceTitle "Mega2015 Update 27"]
[Source "Chessbase"]
[SourceDate "2015.05.29"]
[SourceVersion "2"]
[SourceVersionDate "2015.05.29"]
[SourceQuality "1"]

1. c4 e5 2. Nc3 Nc6 3. g3 Bc5 4. Bg2 a6 5. e3 d6 6. Nge2 Nge7 7. a3 Ba7 8. b4 Bf5 9. d4 Qd7 10. Nd5 exd4 11. Nxd4 Nxd4 12. exd4 Nxd5 13. Bxd5 c6 14. Bf3 Qe6+ 15. Be2 Qe4 16. O-O Qxd4 17. Bf4 O-O 18. Bxd6 Rfe8 19. Qxd4 Bxd4 20. Ra2 Re6 21. c5 Rae8 22. Bc4 Re1 23. Kg2 h5 24. a4 Rxf1 25. Bxf1 Re1 26. f3 Rb1 27. b5 cxb5 28. axb5 axb5 29. h3 b4 30. g4 b3 31. Ra8+ Kh7 32. Bc4 b2 33. Ba2 Rg1+ 34. Kh2 Be6 35. Bxe6 fxe6 0-1

[Event "American Continental"]
[Site "Montevideo URU"]
[Date "2015.05.16"]
[Round "2"]
[White "Hansen, Eric"]
[Black "Muniz, Rafael"]
[Result "1-0"]
[WhiteElo "2580"]
[BlackElo "2281"]
[PlyCount "71"]
[GameId "2130307659050692"]
[EventDate "2015.05.15"]
[EventType "swiss"]
[EventRounds "11"]
[EventCountry "URU"]
[SourceTitle "Mega2015 Update 27"]
[Source "Chessbase"]
[SourceDate "2015.05.29"]
[SourceVersion "2"]
[SourceVersionDate "2015.05.29"]
[SourceQuality "1"]

1. e4 c5 2. Nf3 d6 3. d4 cxd4 4. Nxd4 Nf6 5. Nc3 a6 6. h3 e5 7. Nb3 Be6 8. f4 exf4 9. Bxf4 Nc6 10. Qe2 Be7 11. O-O-O Qc7 12. g4 Ne5 13. Kb1 O-O 14. g5 Nfd7 15. Nd5 Bxd5 16. exd5 Rfc8 17. h4 a5 18. a4 b5 19. Qxb5 Rcb8 20. Qe2 Rb4 21. Rd4 Rab8 22. Rh3 Qb7 23. Qd1 Bf8 24. h5 Nb6 25. Bb5 Rxd4 26. Qxd4 Nxd5 27. Bxe5 dxe5 28. Qxe5 Nb4 29. g6 Rc8 30. c3 Qg2 31. Qf5 hxg6 32. hxg6 Qg1+ 33. Nc1 Qxg6 34. Qxg6 fxg6 35. Bd7 Rc6 36. cxb4 1-0

[Event "American Continental"]
[Site "Montevideo URU"]
[Date "2015.05.17"]
[Round "3"]
[White "Supi, Luis Paulo"]
[Black "Hansen, Eric"]
[Result "1/2-1/2"]
[WhiteElo "2416"]
[BlackElo "2580"]
[PlyCount "37"]
[GameId "2130307659054863"]
[EventDate "2015.05.15"]
[EventType "swiss"]
[EventRounds "11"]
[EventCountry "URU"]
[SourceTitle "Mega2015 Update 27"]
[Source "Chessbase"]
[SourceDate "2015.05.29"]
[SourceVersion "2"]
[SourceVersionDate "2015.05.29"]
[SourceQuality "1"]

1. d4 Nf6 2. c4 e6 3. Nc3 Bb4 4. e3 O-O 5. Nge2 d5 6. a3 Be7 7. cxd5 exd5 8. Nf4 c6 9. Bd3 Na6 10. O-O Nc7 11. b4 a6 12. f3 Re8 13. Kh1 Bf8 14. Bd2 Ne6 15. Nfe2 g6 16. Be1 Nh5 17. Bc2 Bg7 18. Bf2 Bd7 19. e4 1/2-1/2

[Event "American Continental"]
[Site "Montevideo URU"]
[Date "2015.05.17"]
[Round "4"]
[White "Hansen, Eric"]
[Black "Barbosa, Evandro Amorim"]
[Result "1-0"]
[WhiteElo "2580"]
[BlackElo "2438"]
[PlyCount "67"]
[GameId "2130307659054896"]
[EventDate "2015.05.15"]
[EventType "swiss"]
[EventRounds "11"]
[EventCountry "URU"]
[SourceTitle "Mega2015 Update 27"]
[Source "Chessbase"]
[SourceDate "2015.05.29"]
[SourceVersion "2"]
[SourceVersionDate "2015.05.29"]
[SourceQuality "1"]

1. e4 c5 2. Nf3 e6 3. d4 cxd4 4. Nxd4 a6 5. Nc3 Nc6 6. Be3 Qc7 7. Qf3 Bd6 8. O-O-O Be5 9. g3 Nf6 10. Qe2 O-O 11. f4 Bxd4 12. Bxd4 Nxd4 13. Rxd4 d6 14. Qd2 b5 15. Bg2 Bb7 16. a3 Rfd8 17. Rd1 Ne8 18. Bf1 Nf6 19. e5 Nd5 20. exd6 Rxd6 21. Bg2 Rc8 22. Bxd5 Bxd5 23. f5 Rc6 24. Re1 h6 25. Re3 a5 26. Kb1 b4 27. axb4 axb4 28. Rxb4 Qa5 29. Ra4 Qb6 30. Qd4 Qb7 31. Ra7 Qb8 32. Nxd5 exd5 33. Ree7 Rc4 34. Qxd5 1-0

[Event "American Continental"]
[Site "Montevideo URU"]
[Date "2015.05.18"]
[Round "5"]
[White "Pichot, Alan"]
[Black "Hansen, Eric"]
[Result "1/2-1/2"]
[WhiteElo "2504"]
[BlackElo "2580"]
[PlyCount "27"]
[GameId "2130307659059059"]
[EventDate "2015.05.15"]
[EventType "swiss"]
[EventRounds "11"]
[EventCountry "URU"]
[SourceTitle "Mega2015 Update 27"]
[Source "Chessbase"]
[SourceDate "2015.05.29"]
[SourceVersion "2"]
[SourceVersionDate "2015.05.29"]
[SourceQuality "1"]

1. e4 e5 2. Nf3 Nc6 3. Bb5 Nf6 4. d3 Bc5 5. c3 O-O 6. O-O d6 7. h3 Ne7 8. d4 Bb6 9. Re1 Ng6 10. Nbd2 c6 11. Bd3 Re8 12. Nf1 Nh5 13. dxe5 dxe5 14. Bc4 1/2-1/2

[Event "American Continental"]
[Site "Montevideo URU"]
[Date "2015.05.19"]
[Round "6"]
[White "Hansen, Eric"]
[Black "Alonso, Salvador"]
[Result "1/2-1/2"]
[WhiteElo "2580"]
[BlackElo "2488"]
[PlyCount "76"]
[GameId "2130307659059102"]
[EventDate "2015.05.15"]
[EventType "swiss"]
[EventRounds "11"]
[EventCountry "URU"]
[SourceTitle "Mega2015 Update 27"]
[Source "Chessbase"]
[SourceDate "2015.05.29"]
[SourceVersion "2"]
[SourceVersionDate "2015.05.29"]
[SourceQuality "1"]

1. e4 c5 2. Nf3 Nc6 3. Bb5 e6 4. O-O Nge7 5. Re1 a6 6. Bf1 d5 7. d3 g6 8. exd5 exd5 9. d4 cxd4 10. Nxd4 Bg7 11. Nxc6 bxc6 12. Nc3 O-O 13. Bg5 f6 14. Be3 Nf5 15. Bc5 Re8 16. Rxe8+ Qxe8 17. Qd2 Bh6 18. Re1 Qd8 19. Qe2 Bd7 20. Qd3 Bf8 21. Bxf8 Kxf8 22. Na4 a5 23. Qd2 Kf7 24. Bd3 Ng7 25. Qc3 Ne6 26. Qd2 Qb8 27. c4 Qf4 28. Qc3 d4 29. Qc2 Ng5 30. Nc5 Re8 31. Rxe8 Bxe8 32. h4 Qxh4 33. Qd2 Qg4 34. Be2 Nh3+ 35. Kf1 Qf4 36. Qxf4 Nxf4 37. Nb3 Nxe2 38. Kxe2 Ke6 1/2-1/2

[Event "American Continental"]
[Site "Montevideo URU"]
[Date "2015.05.20"]
[Round "7"]
[White "Santiago, Yago de Moura"]
[Black "Hansen, Eric"]
[Result "0-1"]
[WhiteElo "2400"]
[BlackElo "2580"]
[PlyCount "69"]
[GameId "2130307659063265"]
[EventDate "2015.05.15"]
[EventType "swiss"]
[EventRounds "11"]
[EventCountry "URU"]
[SourceTitle "Mega2015 Update 27"]
[Source "Chessbase"]
[SourceDate "2015.05.29"]
[SourceVersion "2"]
[SourceVersionDate "2015.05.29"]
[SourceQuality "1"]

1. d4 Nf6 2. c4 e6 3. Nc3 Bb4 4. f3 O-O 5. a3 Bxc3+ 6. bxc3 Nh5 7. Nh3 f5 8. Bg5 Qe8 9. g4 Nf6 10. gxf5 exf5 11. Nf4 d6 12. h4 Nh5 13. Nxh5 Qxh5 14. Qd2 Nc6 15. c5 dxc5 16. d5 Na5 17. Rd1 h6 18. Bf4 Nc4 19. Qa2 Nd6 20. c4 Bd7 21. Rh3 Rae8 22. Qc2 Re7 23. Kf2 Ne4+ 24. Kg1 Qg6+ 25. Bg2 Ba4 26. Qc1 Bxd1 27. fxe4 fxe4 28. Rg3 Qf6 29. Bxh6 Bxe2 30. Be3 b6 31. Bh3 Qxh4 32. Qe1 Rf3 33. Be6+ Kh7 34. Bf2 Qh5 35. Be3 0-1

[Event "American Continental"]
[Site "Montevideo URU"]
[Date "2015.05.22"]
[Round "9"]
[White "Cori Tello, Jorge"]
[Black "Hansen, Eric"]
[Result "1-0"]
[WhiteElo "2609"]
[BlackElo "2580"]
[PlyCount "165"]
[GameId "2130307659063335"]
[EventDate "2015.05.15"]
[EventType "swiss"]
[EventRounds "11"]
[EventCountry "URU"]
[SourceTitle "Mega2015 Update 27"]
[Source "Chessbase"]
[SourceDate "2015.05.29"]
[SourceVersion "2"]
[SourceVersionDate "2015.05.29"]
[SourceQuality "1"]

1. Nf3 g6 2. c4 Bg7 3. Nc3 c5 4. g3 Nc6 5. Bg2 d6 6. O-O Bf5 7. d3 Qd7 8. Rb1 Bh3 9. Bxh3 Qxh3 10. Nd5 Qd7 11. Bd2 e6 12. Bc3 Bxc3 13. Nxc3 Nf6 14. d4 O-O 15. Qd2 cxd4 16. Nxd4 Nxd4 17. Qxd4 Qe7 18. Rfd1 Rfd8 19. Rd3 Rac8 20. Rbd1 a6 21. Qf4 Rc6 22. b3 Kg7 23. a4 h6 24. Qd2 Rd7 25. a5 b6 26. axb6 Rxb6 27. c5 Rxb3 28. cxd6 Qd8 29. Qf4 Qa5 30. Nd5 Qxd5 31. Rxd5 exd5 32. Qe5 Rb8 33. Rxd5 Re8 34. Qb2 Re6 35. Rd4 Rdxd6 36. Rxd6 Rxd6 37. Kg2 Re6 38. f3 Kg8 39. Kf2 Kh7 40. Qd4 Kg8 41. e4 Kh7 42. e5 Ng8 43. f4 h5 44. h3 Ne7 45. g4 hxg4 46. hxg4 Kg7 47. Kg3 Nc6 48. Qc3 Ne7 49. Qc7 Kg8 50. Kh4 Kg7 51. Kg5 Nd5 52. Qc5 Ne7 53. f5 gxf5 54. gxf5 Nxf5 55. Kxf5 Rg6 56. Ke4 Re6 57. Kd5 Rg6 58. Qd6 Re6 59. Kc6 Kg6 60. Kb7 a5 61. Qd3+ Kg7 62. Qg3+ Kh7 63. Kc7 a4 64. Kd7 a3 65. Qd3+ Kg7 66. Qxa3 Rxe5 67. Qg3+ Kf6 68. Qf4+ Rf5 69. Qd4+ Kg5 70. Ke7 Kh5 71. Kf8 Kg5 72. Kg7 Kh5 73. Qe4 Kg5 74. Qg2+ Kf4 75. Kf8 Ke5 76. Ke7 Kf4 77. Kd6 Ke3 78. Qg4 Rf4 79. Qg5 Ke4 80. Qg2+ Kf5 81. Ke7 Ke5 82. Qe2+ Kd5 83. Qd3+ 1-0

[Event "American Continental"]
[Site "Montevideo URU"]
[Date "2015.05.23"]
[Round "10"]
[White "Hansen, Eric"]
[Black "Lujan, Maria Carolina"]
[Result "1-0"]
[WhiteElo "2580"]
[BlackElo "2353"]
[PlyCount "85"]
[GameId "2130307659063408"]
[EventDate "2015.05.15"]
[EventType "swiss"]
[EventRounds "11"]
[EventCountry "URU"]
[SourceTitle "Mega2015 Update 27"]
[Source "Chessbase"]
[SourceDate "2015.05.29"]
[SourceVersion "2"]
[SourceVersionDate "2015.05.29"]
[SourceQuality "1"]

1. e4 c5 2. Nf3 Nc6 3. Bb5 e6 4. O-O Nge7 5. Re1 a6 6. Bf1 d5 7. d3 g6 8. exd5 exd5 9. d4 cxd4 10. Nxd4 Bg7 11. Nxc6 bxc6 12. Nc3 O-O 13. Bg5 Be6 14. Qd2 Re8 15. Na4 a5 16. Rad1 Qb8 17. b3 Nf5 18. Bf4 Qa7 19. Be5 Bh6 20. Qc3 Bf8 21. Qf3 h5 22. h3 Be7 23. Bd3 Rad8 24. Qf4 Kh7 25. Re2 Bf8 26. Rde1 Bh6 27. Qf3 Bg5 28. Bb2 Rg8 29. Re5 Kh6 30. g4 Nd4 31. Qg3 Bf4 32. Qg2 h4 33. g5+ Kg7 34. Rxe6 fxe6 35. Rxe6 Rd6 36. Qg4 Rxe6 37. Qxf4 Qf7 38. Bxd4+ Kf8 39. Bf6 Rxf6 40. gxf6 Qe6 41. Nc5 Qe1+ 42. Kg2 g5 43. Qf5 1-0

[Event "Reykjavik op"]
[Site "Reykjavik ISL"]
[Date "2015.03.11"]
[Round "3"]
[White "Hagen, Andreas Skytte"]
[Black "Hansen, Eric"]
[Result "1/2-1/2"]
[WhiteElo "2412"]
[BlackElo "2566"]
[PlyCount "60"]
[GameId "2130307660871130"]
[EventDate "2015.03.10"]
[EventType "swiss"]
[EventRounds "10"]
[EventCountry "ISL"]
[SourceTitle "Mega2015 Update 17"]
[Source "Chessbase"]
[SourceDate "2015.03.20"]
[SourceVersion "1"]
[SourceVersionDate "2015.03.20"]
[SourceQuality "1"]

1. c4 Nf6 2. g3 e6 3. Bg2 d5 4. Nf3 dxc4 5. Na3 Bxa3 6. bxa3 O-O 7. Bb2 Nbd7 8. Rc1 c5 9. Rxc4 b5 10. Ne5 bxc4 11. Bxa8 Nxe5 12. Bxe5 Nd5 13. Bc6 f6 14. Ba1 Bd7 15. Bxd7 Qxd7 16. O-O Nb6 17. Qc2 Rd8 18. Bc3 Qa4 19. Qxa4 Nxa4 20. Rb1 Nxc3 21. dxc3 Rd2 22. Rb8+ Kf7 23. Rb7+ Kg6 24. Kf1 Rxa2 25. Rxa7 Ra1+ 26. Kg2 Rc1 27. Rc7 Rxc3 28. Rxc5 Rxa3 29. Rxc4 Ra7 30. h4 Kf7 1/2-1/2

[Event "Reykjavik op"]
[Site "Reykjavik ISL"]
[Date "2015.03.12"]
[Round "4"]
[White "Hansen, Eric"]
[Black "Sachdev, Tania"]
[Result "1/2-1/2"]
[WhiteElo "2566"]
[BlackElo "2404"]
[PlyCount "80"]
[GameId "2130307660875334"]
[EventDate "2015.03.10"]
[EventType "swiss"]
[EventRounds "10"]
[EventCountry "ISL"]
[SourceTitle "Mega2015 Update 17"]
[Source "Chessbase"]
[SourceDate "2015.03.20"]
[SourceVersion "1"]
[SourceVersionDate "2015.03.20"]
[SourceQuality "1"]

1. e4 e5 2. Nf3 Nc6 3. Bb5 a6 4. Ba4 Nf6 5. O-O Be7 6. Bxc6 dxc6 7. d3 Nd7 8. Nbd2 O-O 9. Nc4 Bd6 10. b3 c5 11. Bb2 f6 12. Nh4 Nb8 13. Nf5 Nc6 14. Qg4 g6 15. Qg3 Nd4 16. Nxd4 cxd4 17. Nxd6 Qxd6 18. f4 Bd7 19. Rf2 Rf7 20. Raf1 Raf8 21. Bc1 Qe7 22. h4 f5 23. fxe5 fxe4 24. Bg5 Qe6 25. Rxf7 Rxf7 26. Rxf7 Kxf7 27. dxe4 Ke8 28. Bf6 Qc6 29. Qd3 Qc3 30. Qxc3 dxc3 31. Kf2 Bc6 32. Ke3 Kd7 33. Kd4 h5 34. g3 Ke6 35. Bd8 Kd7 36. Bg5 Ke6 37. Be3 Bb5 38. a4 Be2 39. Kxc3 Kxe5 40. Bf4+ Kxe4 1/2-1/2

[Event "Reykjavik op"]
[Site "Reykjavik ISL"]
[Date "2015.03.13"]
[Round "5"]
[White "Jensson, Einar Hjalti"]
[Black "Hansen, Eric"]
[Result "0-1"]
[WhiteElo "2390"]
[BlackElo "2566"]
[PlyCount "70"]
[GameId "2130307660879540"]
[EventDate "2015.03.10"]
[EventType "swiss"]
[EventRounds "10"]
[EventCountry "ISL"]
[SourceTitle "Mega2015 Update 17"]
[Source "Chessbase"]
[SourceDate "2015.03.20"]
[SourceVersion "1"]
[SourceVersionDate "2015.03.20"]
[SourceQuality "1"]

1. Nf3 Nf6 2. c4 b6 3. g3 Bb7 4. Bg2 g6 5. Nc3 Bg7 6. d4 Ne4 7. O-O Nxc3 8. bxc3 O-O 9. Re1 Nc6 10. e4 Na5 11. c5 d6 12. cxd6 cxd6 13. Qd3 Rc8 14. Nd2 Rc7 15. Bb2 Qc8 16. Bf1 e5 17. Rac1 Qe6 18. d5 Qe7 19. Qe3 Bc8 20. f3 f5 21. Ba3 f4 22. Qe2 h5 23. Bb4 Bh6 24. Rc2 Nb7 25. Nb3 Qf6 26. Bg2 fxg3 27. hxg3 h4 28. gxh4 Bf4 29. c4 Qxh4 30. Rd1 Bg3 31. Bf1 Rh7 32. Qg2 Rxf3 33. Qxf3 Bg4 34. Qg2 Bxd1 35. Re2 Rf7 0-1

[Event "Reykjavik op"]
[Site "Reykjavik ISL"]
[Date "2015.03.14"]
[Round "6"]
[White "Hansen, Eric"]
[Black "Rombaldoni, Axel"]
[Result "1-0"]
[WhiteElo "2566"]
[BlackElo "2488"]
[PlyCount "81"]
[GameId "2130307660883726"]
[EventDate "2015.03.10"]
[EventType "swiss"]
[EventRounds "10"]
[EventCountry "ISL"]
[SourceTitle "Mega2015 Update 17"]
[Source "Chessbase"]
[SourceDate "2015.03.20"]
[SourceVersion "1"]
[SourceVersionDate "2015.03.20"]
[SourceQuality "1"]

1. e4 c5 2. Nf3 d6 3. Bb5+ Nd7 4. O-O Ngf6 5. Re1 a6 6. Bf1 b6 7. c3 Bb7 8. d3 e5 9. Nbd2 Be7 10. d4 b5 11. d5 c4 12. b3 cxb3 13. axb3 Qc7 14. Bb2 O-O 15. Qe2 Nc5 16. Ba3 Rfc8 17. Rec1 Nfxe4 18. Nxe4 Nxb3 19. Qd1 Nxa1 20. Rxa1 f5 21. Ng3 Qd7 22. Qb3 Bf6 23. Rb1 e4 24. Nd4 Bxd4 25. cxd4 g6 26. Ne2 a5 27. Qxb5 Qxb5 28. Rxb5 Ba6 29. Rb1 Rc2 30. Nf4 Bxf1 31. Kxf1 a4 32. Ne6 Rc3 33. Ra1 Ra6 34. Ke1 Rb3 35. Kd2 g5 36. Nxg5 Rd3+ 37. Ke2 Rxd4 38. Rc1 Ra8 39. Rc7 Rxd5 40. Nxh7 Rc5 41. Nf6+ 1-0

[Event "Reykjavik op"]
[Site "Reykjavik ISL"]
[Date "2015.03.15"]
[Round "7"]
[White "Gunnarsson, Jon Viktor"]
[Black "Hansen, Eric"]
[Result "0-1"]
[WhiteElo "2443"]
[BlackElo "2566"]
[PlyCount "70"]
[GameId "2130307660892017"]
[EventDate "2015.03.10"]
[EventType "swiss"]
[EventRounds "10"]
[EventCountry "ISL"]
[SourceTitle "Mega2015 Update 17"]
[Source "Chessbase"]
[SourceDate "2015.03.20"]
[SourceVersion "1"]
[SourceVersionDate "2015.03.20"]
[SourceQuality "1"]

1. e4 e6 2. d4 d5 3. Nc3 Bb4 4. e5 Ne7 5. Bd2 Nf5 6. Bd3 Nc6 7. Nf3 O-O 8. Ne2 Be7 9. h4 f6 10. Bxf5 exf5 11. exf6 Bxf6 12. Bf4 Re8 13. Qd2 Qe7 14. c3 b6 15. Be3 Na5 16. b3 Ba6 17. Nf4 Qa3 18. Qc2 c6 19. Qxf5 Qb2 20. Rb1 Qxa2 21. Nd2 Rad8 22. Nh5 Rd6 23. Rh3 Rf8 24. Rg3 Bxd4 25. Nxg7 Rxf5 26. Nxf5+ Kf8 27. Nxd6 Be5 28. Rf3+ Ke7 29. Nf5+ Kd7 30. Bd4 Bc7 31. Ne3 Bd3 32. Rd1 Bg6 33. c4 Qa3 34. cxd5 c5 35. Ndc4 Qb4+ 0-1

[Event "Reykjavik op"]
[Site "Reykjavik ISL"]
[Date "2015.03.18"]
[Round "10"]
[White "Hansen, Eric"]
[Black "Naroditsky, Daniel"]
[Result "1/2-1/2"]
[WhiteElo "2566"]
[BlackElo "2633"]
[PlyCount "65"]
[GameId "2130307660908711"]
[EventDate "2015.03.10"]
[EventType "swiss"]
[EventRounds "10"]
[EventCountry "ISL"]
[SourceTitle "Mega2015 Update 17"]
[Source "Chessbase"]
[SourceDate "2015.03.20"]
[SourceVersion "1"]
[SourceVersionDate "2015.03.20"]
[SourceQuality "1"]

1. e4 e5 2. Nf3 Nc6 3. Bb5 a6 4. Ba4 Nf6 5. O-O Be7 6. Re1 b5 7. Bb3 d6 8. c3 O-O 9. h3 Na5 10. Bc2 c5 11. d4 Nd7 12. d5 Nb6 13. Nbd2 Bd7 14. Nf1 Nb7 15. Ng3 g6 16. Bh6 Re8 17. b3 a5 18. Qe2 b4 19. c4 a4 20. Qe3 Bf6 21. h4 Qe7 22. Ng5 Bg7 23. Bxg7 Kxg7 24. f4 exf4 25. Qxf4 h6 26. Nf3 Qf6 27. Qe3 axb3 28. Bxb3 Bg4 29. e5 dxe5 30. Nxe5 h5 31. Qg5 Qxg5 32. hxg5 Nd6 33. Ne4 1/2-1/2

[Event "Gibraltar Tradewise op-A"]
[Site "Gibraltar ENG"]
[Date "2015.01.30"]
[Round "4.33"]
[White "Hansen, Eric"]
[Black "Zude, Arno"]
[Result "1/2-1/2"]
[WhiteElo "2574"]
[BlackElo "2377"]
[PlyCount "141"]
[GameId "2130307661924203"]
[EventDate "2015.01.27"]
[EventType "swiss"]
[EventRounds "10"]
[EventCountry "ENG"]
[SourceTitle "10 Days #425"]
[Source "Chess Mix"]

1. e4 e5 2. Nf3 Nc6 3. Bb5 a6 4. Ba4 d6 5. c3 Bd7 6. d4 Nf6 7. O-O g6 8. Re1 b5 9. Bc2 Bg7 10. h3 O-O 11. Nbd2 Re8 12. Nf1 Qc8 13. d5 Ne7 14. Ng3 Qb7 15. b3 Rad8 16. c4 c5 17. a3 Rf8 18. Be3 Rc8 19. Qd2 Kh8 20. Rab1 Nfg8 21. Nh4 Bf6 22. Nf3 Bg7 23. Nh2 f5 24. exf5 Nxf5 25. Bxf5 Bxf5 26. Rbc1 Nf6 27. Nf3 Ne4 28. Nxe4 Bxe4 29. Nh2 Bf5 30. Nf1 Rb8 31. Bg5 Bf6 32. Bh6 Bg7 33. Bxg7+ Qxg7 34. b4 cxb4 35. Qxb4 Qf6 36. c5 dxc5 37. Qxc5 Rbc8 38. Qe3 Rxc1 39. Rxc1 Qd6 40. Rc5 Be4 41. Qc3 Bxd5 42. Ne3 Be6 43. Rxe5 Kg8 44. Rc5 Bc4 45. Re5 Be6 46. h4 Rc8 47. Qb2 Rc5 48. Re4 Rc8 49. h5 gxh5 50. g3 Rf8 51. Re5 Qe7 52. Rxh5 Qf6 53. Re5 h6 54. Ng2 Kg7 55. Nf4 Bf7 56. Qe2 Kg8 57. Re7 Rd8 58. Ra7 Rd4 59. Qg4+ Qg5 60. Qc8+ Rd8 61. Qc7 Qf6 62. Kg2 Rf8 63. Qb7 Bg6 64. Kh2 Qd4 65. Rxa6 Qxf2+ 66. Ng2 Qf5 67. Nf4 Qc2+ 68. Qg2 Qxg2+ 69. Kxg2 Be4+ 70. Kh3 Ra8 71. Rb6 1/2-1/2

[Event "Gibraltar Tradewise op-A"]
[Site "Gibraltar ENG"]
[Date "2015.01.31"]
[Round "5.33"]
[White "Teran Alvarez, Ismael"]
[Black "Hansen, Eric"]
[Result "1/2-1/2"]
[WhiteElo "2430"]
[BlackElo "2574"]
[PlyCount "80"]
[GameId "2130307661928397"]
[EventDate "2015.01.27"]
[EventType "swiss"]
[EventRounds "10"]
[EventCountry "ENG"]
[SourceTitle "10 Days #425"]
[Source "Chess Mix"]

1. c4 g6 2. g3 Bg7 3. Bg2 Nf6 4. Nc3 O-O 5. d4 d6 6. Nf3 Nc6 7. O-O a6 8. d5 Na5 9. b3 c5 10. dxc6 Nxc6 11. Bb2 Qa5 12. Nd5 Nxd5 13. Bxg7 Nc3 14. Bxc3 Qxc3 15. Rc1 Qf6 16. Qd2 Rd8 17. Rfd1 Bd7 18. Ng5 Be8 19. Ne4 Qe5 20. Nc3 Rac8 21. Nd5 e6 22. f4 Qg7 23. Nb6 Rb8 24. Rc3 Qf6 25. Rd3 Qe7 26. Qe3 Qc7 27. g4 Ne7 28. Qf2 Nc8 29. Nxc8 Rbxc8 30. f5 b5 31. f6 bxc4 32. bxc4 Qxc4 33. Qe3 d5 34. Qh6 Qc5+ 35. Rd4 Qf8 36. Qxf8+ Kxf8 37. e4 g5 38. exd5 Rd6 39. Be4 exd5 40. Rxd5 Rxd5 1/2-1/2